Modernity and postmodernity: knowledge, power and the self

Guardat en:
Dades bibliogràfiques
Autor principal: Delanty, Gerard (Autor)
Format: Llibre
Idioma:anglès
Publicat: Londres SAGE 2000
Matèries:
Etiquetes: Afegir etiqueta
Sense etiquetes, Sigues el primer a etiquetar aquest registre!

MARC

LEADER 00000nam a2200000 a 4500
001 UCN0676
003 CL-VaPUC
008 010330e20000000UK |||||||||||||||||eng|d
082 0 4 |a 303.4  |b DEL  |2 21 
100 0 |a Delanty, Gerard  |e author  |9 455851 
245 1 0 |a Modernity and postmodernity: knowledge, power and the self 
300 |a 194 p 
942 |c BK 
945 |d 20010330 00:00:00  |a cmena 
260 |a Londres  |b SAGE  |c 2000 
650 0 |a Cambio social   |9 256857 
650 0 |a Filosofía social  |9 268191 
650 0 |a Modernismo  |9 267987 
650 0 |a Problemas sociales  |9 258537 
650 0 |a Comunidades  |9 337024 
583 |a last modification  |c 20010330 00:00:00  |k Rodrigo Vera 
999 |c 294313  |d 294311 
952 |0 0  |1 0  |4 0  |6 303_400000000000000_DEL_2000  |7 0  |8 A  |9 346580  |a FDOPOS  |b FDOPOS  |d 2019-11-20  |i 3701166  |o 303.4 DEL 2000  |p 3701166  |r 2025-01-22  |w 2019-11-20  |y BK  |k MLA